Berlin bus quiz Linie 200 - Statistiken

Allgemein
  • Dieses Quiz wurde 13 mal gespielt
  • Das Durchschnittsergebnis liegt bei 9 aus 28
Antwortstatistiken
Linie Antwort % Korrekt
Linie 200 Michelangelostr.
78%
Linie 200 Varian-Fry-Str./​Potsdamer Platz
78%
Linie 200 S+U Zoologischer Garten
67%
Linie 200 Nord.Botschaften/​Adenauer-Stiftg
56%
Linie 200 S+U Alexanderplatz/​Memhardstr.
56%
Linie 200 Hertzallee
44%
Linie 200 Philharmonie
44%
Linie 200 Am Friedrichshain
33%
Linie 200 Am Friedrichshain/​Hufelandstr.
33%
Linie 200 Breitscheidplatz
33%
Linie 200 Budapester Str.
33%
Linie 200 Leipziger Str./​Wilhelmstr.
33%
Linie 200 S+U Potsdamer Platz
33%
Linie 200 U Rotes Rathaus
33%
Linie 200 Corneliusbrücke
22%
Linie 200 Fischerinsel
22%
Linie 200 Kniprodestr./​Danziger Str.
22%
Linie 200 Kniprodestr./​Storkower Str.
22%
Linie 200 Mollstr./​Otto-Braun-Str.
22%
Linie 200 Mollstr./​Prenzlauer Allee
22%
Linie 200 Spandauer Str./​Marienkirche
22%
Linie 200 Tiergartenstr.
22%
Linie 200 U Spittelmarkt
22%
Linie 200 U Stadtmitte
22%
Linie 200 Bötzowstr.
11%
Linie 200 Jerusalemer Str.
11%
Linie 200 Conrad-Blenkle-Str.
0%
Linie 200 Stedingerweg
0%
Keine übereinstimmenden Quizze gefunden
Verteilung der Resultate
Anzahl Personen mit jedem Resultat
Perzentil nach korrekt beantworteten Fragen
Ihre Resultats-Entwicklung
Sie haben dieses Quiz noch nicht gespielt